000 02541cam a2200349 i 4500
001 768714001
003 CO-MdFUSB
005 20210330105644.0
007 ta
008 070724t2007 ck ac 000 0 spa
020 _a9789580499961
040 _aDLC
_cCO-MdFUSB
_bspa
_dCO-MdFUSBC
_erda
041 _aspa
082 _223
_a920.0082
_bP153
245 1 _aPalabras guardadas :
_b35 mujeres colombianas frente a sí mismas
_c/ editado por María Elvira Bonilla ; fotografías Carlos Duque.
250 _aprimera edición
264 1 _aBogotá :
_bNorma,
_c[2007]
264 4 _c© 2007
300 _a450 páginas :
_bilustraciones ;
_c23 cm.
336 _2rdacontent
_atexto
_btxt
337 _2rdamedia
_asin mediación
_bn
338 _2rdacarrier
_avolumen
_bnc
490 0 _aColección historias no contadas
520 _aBonilla cuenta que invitó a más de 60 mujeres que han sido y son actualmente protagonistas activas o pasivas de la historia de Colombia. A cada una le envió una carta en la que le explicaba que debía escribir un relato reflexivo guiada por cuatro preguntas: ¿Cuál hecho, acontecimiento o vivencia marcó de modo profundo su vida y por qué?, ¿Cuál ha sido el momento más doloroso de su vida, cómo la afectó y qué ha hecho (o hizo) para superarlo?, ¿Y el más afortunado?, ¿Cuál ha sido el mayor obstáculo que usted ha logrado superar en su vida y cómo lo hizo? Al formularlas, la intención de Bonilla fue quebrar la imagen exterior, mostrar que la vida está llena de obstáculos y dificultades y que todos los ángulos desde los que contaban su historia constituían un prisma, un universo que permitía ver una sola realidad: Colombia. "Es la violencia, es la soledad, el amor, el desamor, el trabajo, las limitaciones en las búsquedas profesionales, los latidos de la mujer colombiana", sostiene Bonilla. De esas 60 cartas, la periodista recibió respuesta solamente de 35, y en algunos casos fue necesario pedirles que hicieran ajustes para que, según sus propias palabras, "le permitieran hablar a la Penélope que hay en ellas. Convencerlas de darse un momento para pensar sobre sí mismas no fue fácil, pero al final, algunas de ellas me dijeron que remontar el río de la vida había sido una experiencia sanadora".
563 _aRústico
650 0 _92480
_aMujeres
_xBiografías.
653 _aMujeres colombianas
700 1 _aBonilla Otoya, María Elvira,
_d1955-
_eeditor
700 _aDuque, Carlos,
_95024
_efotógrafo
942 _cBK
945 _aJTF-925
999 _c66677
_d66677